[Event "VEN-ch"]
[Site "Barquisimeto"]
[Date "2019.04.17"]
[Round "7"]
[White "Palencia Morales, Wilson Guillermo"]
[Black "Revilla Moron, Oniel Josue"]
[Result "0-1"]
[WhiteElo "2342"]
[BlackElo "2212"]
[PlyCount "26"]
[EventDate "2019.04.13"]
[EventType "swiss"]
[EventRounds "9"]
[EventCountry "VEN"]
[SourceTitle "CBM 189 Extra"]
[Source "ChessBase"]
[SourceDate "2019.06.03"]
[SourceVersion "1"]
[SourceVersionDate "2019.06.03"]
[SourceQuality "1"]

1. e4 c6 2. d4 d5 3. e5 Bf5 4. Nf3 e6 5. Be2 Ne7 6. 0-0 Nd7 7. Be3 c5 8. c4 dxc4 9. Na3 Nd5 10. Nxc4 Be7 11. dxc5 Nxc5 12. Bxc5 Bxc5 13. Qa4+ Kf8 0-1

[Event "Coro Barajas Memorial U2200 1st"]
[Site "Coro"]
[Date "2016.10.13"]
[Round "1.1"]
[White "Revilla Moron, Oniel Josue"]
[Black "Vargas Ortiz, Grecia Valentina"]
[Result "1-0"]
[WhiteElo "2199"]
[BlackElo "1519"]
[PlyCount "139"]
[EventDate "2016.10.13"]
[EventType "swiss"]
[EventRounds "6"]
[EventCountry "VEN"]
[SourceTitle "EXT 2022"]
[Source "ChessBase"]
[SourceDate "2021.10.06"]
[SourceVersion "1"]
[SourceVersionDate "2021.10.06"]
[SourceQuality "1"]

1. c4 c5 2. Nf3 d6 3. g3 Nf6 4. Bg2 g6 5. 0-0 Bg7 6. d4 cxd4 7. Nxd4 0-0 8. Nc3 Qc7 9. b3 a6 10. Bb2 Nbd7 11. Rc1 Ne5 12. Qd2 Bd7 13. Rfd1 Rac8 14. f4 Nc6 15. Nd5 Qd8 16. Nxc6 Bxc6 17. Nxf6+ exf6 18. Qxd6 Qxd6 19. Rxd6 Rfe8 20. Bxc6 Rxc6 21. Rxc6 bxc6 22. Rd1 f5 23. Bxg7 Kxg7 24. Kf2 Re6 25. Rd7 Kf8 26. Ra7 Ke8 27. Rxa6 Rd6 28. Ke1 Re6 29. Ra7 h6 30. a4 f6 31. a5 Kd8 32. Kd2 c5 33. Rb7 Kc8 34. Rb5 Rc6 35. Kc3 Kc7 36. Rb6 Rxb6 37. axb6+ Kb7 38. b4 cxb4+ 39. Kxb4 Kxb6 40. c5+ Kc6 41. Kc4 g5 42. h4 Kc7 43. Kd5 Kd7 44. h5 Kc7 45. c6 Kc8 46. Kd6 Kd8 47. c7+ Kc8 48. Ke6 Kxc7 49. Kxf6 Kd6 50. fxg5 hxg5 51. h6 f4 52. gxf4 gxf4 53. h7 Kd5 54. h8Q Ke4 55. Qe8+ Kd4 56. Kf5 Kd5 57. Qe4+ Kc5 58. Kxf4 Kd6 59. Qe5+ Kc6 60. e4 Kd7 61. Qf6 Kc7 62. e5 Kd7 63. Kg5 Ke8 64. Qg7 Kd8 65. Qf7 Kc8 66. Qe7 Kb8 67. Qd7 Ka8 68. e6 Kb8 69. e7 Ka8 70. e8R# 1-0